Posredničeskije operacii v inostrannom graždanskom prave.

Úprava vzťahov sprostredkovateľov s podnikateľmi v systéme románsko-germánskeho práva a anglo-amerického systému práva. Status obchodného agenta a jeho pôsobenie. Odmeňovanie agentov. Komisionárske operácie. Minimálne náležitosti zmluvy o výlučných právach predaja.

Salvato in:
Dettagli Bibliografici
Autore principale: Sviadosc, Ju
Natura: Capitolo di libro
Lingua:russo
Soggetti:
Tags: Aggiungi Tag
Nessun Tag, puoi essere il primo ad aggiungerne!!

MARC

LEADER 00000naa a2200000 4500
001 r005507
005 20221130103856.7
041 0 |a rus 
044 |a [SU] 
245 1 0 |a Posredničeskije operacii v inostrannom graždanskom prave.  |c Ju. Sviadosc 
520 |a Úprava vzťahov sprostredkovateľov s podnikateľmi v systéme románsko-germánskeho práva a anglo-amerického systému práva. Status obchodného agenta a jeho pôsobenie. Odmeňovanie agentov. Komisionárske operácie. Minimálne náležitosti zmluvy o výlučných právach predaja. 
610 2 0 |a sprostredkovatelia 
610 2 0 |a právo občianske 
610 2 0 |a podnikatelia 
610 2 0 |a odmeňovanie 
610 2 0 |a zmluvy obchodné 
100 1 |a Sviadosc, Ju.